Ghost Pop Culture - Statistics

General Stats
  • This quiz has been taken 12 times
  • The average score is 7 of 15
Answer Stats
Hint Answer % Correct
He's a friendly ghost Casper
100%
Was visited by 4 ghosts on Christmas Eve Ebenezer Scrooge
82%
Green ghost associated with the movie Ghostbusters Slimer
73%
Chaotic ghost played by Michael Keaton Beetlejuice
64%
New York town where the Lutz family was haunted in their newly purchased home Amityville
55%
Town haunted by the Headless Horseman Sleepy Hollow
55%
"I see dead people" The Sixth Sense
55%
Actor played a ghost who came back in the afterlife to solve his murder and contact his sognificant other with the help of a medium Patrick Swayze
45%
"They're heerrreee" Poltergeist
36%
A horror/thriller themed dark-ride attraction located at Disneyland, Magic Kingdom The Haunted Mansion
36%
Name of either mansion feature in The Haunting anthology series on Netflix Bly ManorHill House
27%
Real life paranormal investigators that are featured in The Conjuring franchise Ed and Lorraine Warren
27%
Marvel superhero/antihero Ghost Rider
27%
Subtitle of the first season of American Horror Story Murder House
9%
Name of the hotel where "All work and no play makes Jack a dull boy" Overlook Hotel
9%
No matching quizzes found
Score Distribution
Percent of People with Each Score
Percentile by Number Answered
Your Score History
You have not taken this quiz